Dlusztus Imre a Dózsa elnöke

Elmentve itt :
Bibliográfiai részletek
Dokumentumtípus: Cikk
Megjelent: 1992-10-03
Sorozat:Délmagyarország 82 No. 233
Kulcsszavak:Dlusztus Imre, sportegyesületek
Online Access:http://dmarchiv.bibl.u-szeged.hu/93299
LEADER 00418nab a2200145 i 4500
001 delm93299
005 20191001152311.0
008 191001s1992 hu o 0|| hun d
040 |a SZTE Délmagyarország Archívum  |b hun 
041 |a hun 
245 0 0 |a Dlusztus Imre a Dózsa elnöke  |h [elektronikus dokumentum] 
260 |c 1992-10-03 
300 |a 5 
490 0 |a Délmagyarország  |v 82 No. 233 
695 |a Dlusztus Imre, sportegyesületek